000 01263nam0a2200349 4500
001 RU\NLR\BIBL_A\010301357
005 20260406094106.0
010 _a978-5-9555-1611-0
_93000
021 _aRU
_b2014-5517
_9340
035 _a(NILC)RuMoRGB-006730493
035 _a(NLR Aleph) 010301357
090 _a10595199
_c10595199
100 _a20140402d2013 |||y0rusy50 ca
101 0 _arus
102 _aRU
105 _aa|||z||||00gy
200 1 _aМоя мама
_eстихи русских поэтов
_e[для дошкольного возраста
_f[отв. ред. Т. А. Никольская]
_gхудож. Е. Медведев
210 _aМосква
_cДрофа-Плюс
_d2013
215 _a44, [3] с.
_cцв. ил.
_d27
333 _a0+
675 _a821.161.1-93
686 0 _aШ9(2)60=Р5-5я43
702 1 _aНикольская
_bТ. А.
_gТатьяна Алексеевна
_4340
702 1 _4040
_8rus
_7ca
_aМедведев
_bЕ. А.
_cхудожник
_f1934-
_gЕвгений Алексеевич
_3RU\NLR\AUTH\7768292
_951220
801 0 _aRU
_bRuMoRKP
_c20100114
_gRCR
801 2 _aRU
_bРГБ
_c20140131
_grcr
942 _cBOOK
980 _aNBR
980 _aNB